000 01277nam a22003497a 4500
001 000062590
003 DO-SdBPM
005 20241129105204.0
007 000062590
008 160531b1987 sp 00| 0 spa d
020 _a847166657X
040 _aDO-SdBPM
_bspa
_cBPMSU
082 4 _a842.42
_bM721m 1987
_222
100 1 _aMolière,
_d1622-1673.
240 1 0 _aLe médecin malgré lui.
_lEspañol.
245 1 3 _aEl médico a palos ;
_bLas mujeres sabihondas ; El enfermo imaginario /
_cMolière ; prólogo y cronología de Ángel García Pintado ; traducción de Enrique Azcoaga.
246 1 0 _aLas Mujeres sabihondas
246 1 0 _aEl Enfermo imaginario
260 _aMadrid :
_bEdaf,
_c1987.
300 _a296 p. ;
_c18 cm.
490 0 _aBiblioteca Edaf de bolsillo,
_v132
505 0 _tEl médico a palos --
_tLas Mujeres sabihondas --
_tEl Enfermo imaginario --
563 _aTres obras encuadernadas juntas con paginación continua
590 _aInventariado, 2024/VM
650 4 _aTeatro francés
700 1 _aAzcoaga, Enrique,
_d1912-1985.
_etraductor
700 1 2 _aGarcía Pintado, Ángel,
_d1940-
_epról.
740 3 2 _aLas mujeres Sabihondas
740 3 2 _aEl enfermo imaginario
910 _aVMateo V. Control de calidad. BPMSU
942 _2ddc
_cBK
999 _c10246
_d10246